000 00296nam a2200133Ia 4500
008 231129s1970||||xx |||||||||||||| ||spa||
040 _bspa
082 _aF844 L159d
100 _aLafargue Paul
245 0 _aEl derecho a la pereza
260 _c1970
264 _aGrijalbo
942 _2ddc
_cBKS
999 _c10787
_d10787